000 00496nam a2200169#a 4500
001 01507
003 HDC
007 ta
008 230623s2023 xx 000 0 eng d
040 _aHDC
050 _a TX531
_b.G37 2010 III
245 0 _aSenarai semak program jaminan keselamatan makanan (pjkm am) :
_bbahagian III: senarai semak sebagai penentu ukur dan panduan dalam perlaksanaan program jaminan keselamtan
942 _2lcc
942 _cBK
942 _k TX531
942 _m.G37 2010 III
999 _c23073
_d23073